000 00369nam a22001577a 4500
005 20180131160037.0
008 160427b xxu||||| |||| 00| 0 eng d
020 _a81-7656-360-9
041 _aeng
082 _b00290
_a004
100 _aSinha, P.K.
_94028
245 _aComputer Fundamentals
260 _aNew Delhi
_bBPB Publishing,
_c1992
300 _a247
942 _cBK
999 _c98
_d98